000 00765nam a2200253Ia 4500
003 OSt
005 20220918171021.0
006 a|||||r|||| 00| 0
007 ta
008 220917b |||||||| |||| 00| 0 eng d
020 _a9781137469861 (hbk)
_c5625
024 _a285,014
037 _b43602, 17/03/2015, Segment Book Distributors
_cTextual
040 _aARTS
_cARTS
_beng
041 _2eng
_aeng
082 _aV281.N, Q5
100 _aJohnson David A.
_933171
245 0 _aNew Delhi
_b The last imperial city
260 _aNew York
_bPalgrave U.S.A
_c2015
300 _axv, 261p.
_ccm.
650 _aHISTORY
942 _hV281.N, Q5
_cTEXL
_2CC
999 _c137305
_d137305